00443nam a2200157Ia 4500100003100000650001400031942000700045654001200052245003800064260002600102082001000128300000800138546001200146999001700158952011000175 aStrepikheyev/Derevitskayn  aChemistry cBK aPolymer aFirst Course In Polymer Chemistry bMir Publishersc2001 a547.8 a448 aENGLISH c21216d21216 001040708AFTaCRCEbCRCEd2023-03-17g7.80i3422l0o547.8 pAFT1016r2023-03-17v7.80w2023-03-17yBK